| 000 | 00812nam a2200217Ia 4500 | ||
|---|---|---|---|
| 999 |
_c39786 _d39786 |
||
| 001 | 6391 | ||
| 003 | GE_BSU | ||
| 005 | 20230803155407.0 | ||
| 008 | 181216s2008||||ge |||||||||||||| ||geo|| | ||
| 020 | _a9789941140983 | ||
| 040 | _cGE_BSU | ||
| 041 | _ageo | ||
| 080 | _a519.6+004.451+004.42 ფ-35 | ||
| 100 |
_aფერაძე, ლ. _919590 |
||
| 245 |
_aმათემატიკური სისტემა Mathcad : _bსახელმძღვ. / _cლ. ფერაძე, მ. სორდია. |
||
| 264 |
_aთბილისი : _bტექნ. უნ-ტი, _c2008. |
||
| 300 |
_a158 გვ. ; _c30 სმ. _eნახ. |
||
| 653 | _aმათემატიკური სისტემა Mathcad | ||
| 700 |
_aსორდია, მ. _eავტორი _919591 |
||
| 942 |
_cBK _2udc |
||